[Event "Schleswig Holstein-ch U16 VMA"]
[Site "Neumuenster"]
[Date "2004.03.21"]
[Round "2"]
[White "Hansen, Thore"]
[Black "Janitzek, Nils"]
[Result "0-1"]
[WhiteElo "1203"]
[BlackElo "1548"]
[PlyCount "108"]
[EventDate "2004.03.20"]
[EventType "swiss"]
[EventRounds "9"]
[EventCountry "GER"]
[SourceTitle "EXT 2006"]
[Source "ChessBase"]
[SourceDate "2005.11.24"]
[SourceVersion "1"]
[SourceVersionDate "2005.11.24"]
[SourceQuality "1"]

1. e4 e5 2. Nf3 Nc6 3. Bb5 a6 4. Bxc6 dxc6 5. Nc3 f6 6. b3 Bg4 7. h3 Bh5 8. Bb2 Bc5 9. d3 Ne7 10. Qd2 Bxf3 11. gxf3 Qd7 12. 0-0-0 0-0-0 13. f4 Ng6 14. fxe5 Nxe5 15. Na4 Ba7 16. f4 Nf3 17. Qb4 Qd6 18. Qxd6 cxd6 19. d4 Rhe8 20. Rd3 Nh4 21. Nc3 b5 22. Rg1 Rd7 23. a3 Ng6 24. Rf1 Nf8 25. f5 a5 26. Rf4 Rde7 27. b4 axb4 28. axb4 Nd7 29. d5 Ne5 30. Rd1 Be3+ 31. Kb1 Bxf4 32. dxc6 Nxc6 33. Nxb5 Rxe4 34. c3 Re1 35. Rxe1 Rxe1+ 36. Ka2 Kd7 37. Kb3 Re3 38. Bc1 Rf3 39. Bb2 Rxh3 40. Ka4 Rh2 41. Ba3 Rg2 42. c4 h5 43. Nc3 h4 44. b5 Nb8 45. Nd5 Be5 46. Nb6+ Kc7 47. Nd5+ Kb7 48. c5 dxc5 49. Bxc5 h3 50. Ne3 Ra2+ 51. Kb3 Rb2+ 52. Kc4 h2 53. Nd1 h1Q 54. Nxb2 Bxb2 0-1

[Event "Schleswig Holstein-ch U16 VMA"]
[Site "Neumuenster"]
[Date "2004.03.21"]
[Round "3"]
[White "Imas, Denisa"]
[Black "Hansen, Thore"]
[Result "1-0"]
[WhiteElo "1042"]
[BlackElo "1203"]
[PlyCount "78"]
[EventDate "2004.03.20"]
[EventType "swiss"]
[EventRounds "9"]
[EventCountry "GER"]
[SourceTitle "EXT 2006"]
[Source "ChessBase"]
[SourceDate "2005.11.24"]
[SourceVersion "1"]
[SourceVersionDate "2005.11.24"]
[SourceQuality "1"]

1. d4 d5 2. c4 dxc4 3. e4 e6 4. Bxc4 g6 5. Nf3 Bg7 6. 0-0 Ne7 7. Nc3 0-0 8. Bf4 b6 9. d5 e5 10. Nxe5 Re8 11. Nb5 Ba6 12. Rb1 c6 13. dxc6 Nbxc6 14. Nxf7 Qxd1 15. Rfxd1 Rf8 16. Nfd6+ Kh8 17. Nc7 Rad8 18. Bxa6 Rf6 19. Ndb5 Rff8 20. Be3 Ne5 21. f3 Nc4 22. Bd4 Rf7 23. Bxg7+ Kxg7 24. Ne6+ Kh6 25. Nf8 Rfxf8 26. Nxa7 Ne3 27. Rd7 Ng8 28. Kf2 Nc2 29. Rdd1 Nf6 30. Rd6 Nb4 31. Rxb6 Nxa6 32. Rxa6 Nh5 33. g3 Rb8 34. b3 Rb7 35. Nc6 Rc7 36. b4 Rb7 37. e5 Ng7 38. a4 Kg5 39. a5 Kf5 1-0

[Event "Schleswig Holstein-ch U16 VM"]
[Site "Neumuenster"]
[Date "2003.03.11"]
[Round "2"]
[White "Peters, Ferdinand"]
[Black "Hansen, Thore"]
[Result "0-1"]
[WhiteElo "708"]
[BlackElo "995"]
[PlyCount "48"]
[EventDate "2003.03.??"]
[EventType "swiss"]
[EventRounds "9"]
[EventCountry "GER"]
[SourceTitle "EXT 2005"]
[Source "ChessBase"]
[SourceDate "2004.11.15"]
[SourceVersion "1"]
[SourceVersionDate "2004.11.15"]
[SourceQuality "1"]

1. d4 d5 2. c4 dxc4 3. Nc3 Nf6 4. e3 e6 5. Bxc4 Bb4 6. Bd2 Nc6 7. Nf3 0-0 8. 0-0 Re8 9. a3 Bxc3 10. Bxc3 Ne4 11. Qd3 Nxc3 12. bxc3 e5 13. e4 Bg4 14. d5 Na5 15. Ba2 c6 16. c4 Rb8 17. a4 cxd5 18. cxd5 Nc6 19. Rac1 Nb4 20. Qb3 Qd6 21. Ng5 Nxa2 22. Qxa2 Qg6 23. Qd2 h6 24. Nh3 Bxh3 0-1